The ocean alphabet book / (Record no. 739)

MARC details
000 -LEADER
fixed length control field 01511cam a2200385 a 4500
001 - CONTROL NUMBER
control field 739
003 - CONTROL NUMBER IDENTIFIER
control field FISKH
005 - DATE AND TIME OF LATEST TRANSACTION
control field 20250915081029.0
008 - FIXED-LENGTH DATA ELEMENTS--GENERAL INFORMATION
fixed length control field 890208s1986 maua j 000 0 eng
010 ## - LIBRARY OF CONGRESS CONTROL NUMBER
LC control number 89060424
020 ## - INTERNATIONAL STANDARD BOOK NUMBER
International Standard Book Number 0881064580
020 ## - INTERNATIONAL STANDARD BOOK NUMBER
International Standard Book Number 0881064521 (pbk.)
040 ## - CATALOGING SOURCE
Original cataloging agency DLC
Transcribing agency DLC
Modifying agency DLC
-- OCoLC
-- DLC
042 ## - AUTHENTICATION CODE
Authentication code lcac
050 00 - LIBRARY OF CONGRESS CALL NUMBER
Classification number QL122.2
Item number P35 1986b
100 1# - MAIN ENTRY--PERSONAL NAME
Personal name Pallotta, Jerry.
245 14 - TITLE STATEMENT
Title The ocean alphabet book /
Statement of responsibility, etc. by Jerry Pallotta ; illustrated by Frank Mazzola, Jr.
260 ## - PUBLICATION, DISTRIBUTION, ETC.
Place of publication, distribution, etc. Watertown, MA :
Name of publisher, distributor, etc. Charlesbridge,
Date of publication, distribution, etc. 1986.
300 ## - PHYSICAL DESCRIPTION
Extent 30 pages. :
Other physical details chiefly col. illustrations. ;
Dimensions 21 x 26 cm.
505 ## - FORMATTED CONTENTS NOTE
Formatted contents note O
520 ## - SUMMARY, ETC.
Summary, etc. Introduces the letters A to Z by describing fish and other creatures living in the North Atlantic Ocean.
521 ## - TARGET AUDIENCE NOTE
Target audience note 600 <br/><br/><br/><br/> <br/>
Source Lexile <br/><br/>
521 ## - TARGET AUDIENCE NOTE
Target audience note O <br/><br/>
Source Raz-Plus <br/>
600 ## - SUBJECT ADDED ENTRY--PERSONAL NAME
Source of heading or term The Ocean Alphabet Book
Personal name Pallotta, Jerry
650 #0 - SUBJECT ADDED ENTRY--TOPICAL TERM
Topical term or geographic name entry element Marine animals
General subdivision Juvenile literature.
650 #0 - SUBJECT ADDED ENTRY--TOPICAL TERM
Topical term or geographic name entry element English language
General subdivision Alphabet
-- Juvenile literature.
650 #1 - SUBJECT ADDED ENTRY--TOPICAL TERM
Topical term or geographic name entry element Marine animals.
650 #1 - SUBJECT ADDED ENTRY--TOPICAL TERM
Topical term or geographic name entry element Alphabet.
700 1# - ADDED ENTRY--PERSONAL NAME
Personal name Pallotta, Jerry
Relator term Illustrator
856 42 - ELECTRONIC LOCATION AND ACCESS
Materials specified Contributor biographical information
Uniform Resource Identifier <a href="http://www.loc.gov/catdir/enhancements/fy1401/89060424-b.html">http://www.loc.gov/catdir/enhancements/fy1401/89060424-b.html</a>
856 42 - ELECTRONIC LOCATION AND ACCESS
Materials specified Publisher description
Uniform Resource Identifier <a href="http://www.loc.gov/catdir/enhancements/fy1401/89060424-d.html">http://www.loc.gov/catdir/enhancements/fy1401/89060424-d.html</a>
906 ## - LOCAL DATA ELEMENT F, LDF (RLIN)
a 7
b cbc
c orignew
d 3
e opcn
f 19
g y-gencatlg
942 ## - ADDED ENTRY ELEMENTS (KOHA)
Source of classification or shelving scheme Dewey Decimal Classification
Koha item type Books
Suppress in OPAC No
Holdings
Withdrawn status Lost status Source of classification or shelving scheme Damaged status Not for loan Collection Home library Current library Shelving location Date acquired Total Checkouts Full call number Barcode Date last seen Date last checked out Price effective from Koha item type
    Library of Congress Classification     Non-Fiction Footprints International School Library Network Toul Tom Poung Campus Footprints International School Library Network Toul Tom Poung Campus TTP Primary Yellow Bookshelves 07/05/2023 1 PAL 591.92 QL122.P.35 FIS01182 10/22/2025 10/08/2025 07/05/2023 Books